[Event "Francophonie-ch 7th"]
[Site "Paris"]
[Date "2019.08.12"]
[Round "9"]
[White "Chandesris, Ludovic"]
[Black "Bouget, Alexandre"]
[Result "1-0"]
[WhiteElo "2272"]
[BlackElo "2281"]
[PlyCount "99"]
[EventDate "2019.08.04"]
[EventType "swiss"]
[EventRounds "9"]
[EventCountry "FRA"]
[SourceTitle "CBM 191 Extra"]
[Source "ChessBase"]
[SourceDate "2019.09.30"]
[SourceVersion "1"]
[SourceVersionDate "2019.09.30"]
[SourceQuality "1"]

1. e4 e5 2. Nf3 Nc6 3. d4 exd4 4. Nxd4 Bc5 5. Be3 Qf6 6. c3 b6 7. Bc4 Nge7 8. 0-0 Bb7 9. Nb5 0-0-0 10. Bxc5 bxc5 11. Nd2 Ne5 12. Be2 a6 13. Na3 N7g6 14. g3 d5 15. f4 dxe4 16. fxe5 Qg5 17. Nac4 Nxe5 18. Qc2 f5 19. Rad1 Ng4 20. Rf4 h5 21. Nf1 Rxd1 22. Bxd1 Nf6 23. Qf2 g6 24. Qxc5 Rd8 25. Nfe3 Nd7 26. Qa7 Qf6 27. Be2 Nf8 28. Rf1 h4 29. Na5 Qb6 30. Qxb7+ Qxb7 31. Nxb7 Kxb7 32. Rd1 Rxd1+ 33. Bxd1 hxg3 34. hxg3 Ne6 35. Kf2 Nc5 36. Bc2 Kc6 37. Ng2 g5 38. b4 Ne6 39. Ne3 Kb5 40. a4+ Kb6 41. Nxf5 c5 42. Nd6 cxb4 43. cxb4 Kc7 44. Nxe4 Nd4 45. Bd1 Nc6 46. b5 axb5 47. axb5 Nd4 48. Be2 Kb6 49. Nxg5 Nxb5 50. Bxb5 1-0

[Event "Francophonie-ch 7th"]
[Site "Paris"]
[Date "2019.08.11"]
[Round "8"]
[White "Dardha, Daniel"]
[Black "Chandesris, Ludovic"]
[Result "1/2-1/2"]
[WhiteElo "2424"]
[BlackElo "2272"]
[PlyCount "110"]
[EventDate "2019.08.04"]
[EventType "swiss"]
[EventRounds "9"]
[EventCountry "FRA"]
[SourceTitle "CBM 191 Extra"]
[Source "ChessBase"]
[SourceDate "2019.09.30"]
[SourceVersion "1"]
[SourceVersionDate "2019.09.30"]
[SourceQuality "1"]

1. c4 f5 2. Nf3 Nf6 3. d4 e6 4. d5 exd5 5. cxd5 Bb4+ 6. Bd2 Nxd5 7. Bxb4 Nxb4 8. Nc3 c6 9. e3 d5 10. g3 0-0 11. Bg2 Nd7 12. 0-0 Nf6 13. a3 Na6 14. b4 Nc7 15. Qb3 a6 16. a4 Ne4 17. Rfd1 Qf6 18. Rac1 Be6 19. Nd4 Bf7 20. Qb1 Rfd8 21. b5 axb5 22. axb5 Nxc3 23. Rxc3 Ne6 24. bxc6 Nxd4 25. Rxd4 bxc6 26. h4 Rab8 27. Qc2 Be8 28. Kh2 Rb6 29. Rf4 g6 30. Rb3 Rdb8 31. Rxb6 Rxb6 32. Qa4 Qe5 33. Qa5 Rb5 34. Qa7 Rb2 35. Qa1 Qg7 36. Qa8 Qe7 37. h5 Kg7 38. Ra4 Rb7 39. hxg6 hxg6 40. Rh4 Kg8 41. Qa1 Qg7 42. Qa4 Qf8 43. Kg1 Rb1+ 44. Kh2 Rb7 45. Kg1 Rb1+ 46. Bf1 c5 47. Qa2 Rb4 48. Qxd5+ Bf7 49. Qh1 Rxh4 50. Qxh4 Qd6 51. Qa4 Qd5 52. Bg2 Qd2 53. Qa8+ Kg7 54. Qa1+ Kg8 55. Qa8+ Kg7 1/2-1/2

[Event "FRA Cup final"]
[Site "Lyon"]
[Date "2015.06.27"]
[Round "1.3"]
[White "Chandesris, Ludovic"]
[Black "Barbot, Pierre"]
[Result "1/2-1/2"]
[WhiteElo "2243"]
[BlackElo "2463"]
[PlyCount "73"]
[EventDate "2015.06.27"]
[EventType "team-k.o."]
[EventRounds "2"]
[EventCountry "FRA"]
[SourceTitle "CBM 167 Extra"]
[Source "ChessBase"]
[SourceDate "2015.09.14"]
[SourceVersion "1"]
[SourceVersionDate "2015.09.14"]
[SourceQuality "1"]
[WhiteTeam "Lutece"]
[BlackTeam "Clichy"]
[WhiteTeamCountry "FRA"]
[BlackTeamCountry "FRA"]

1. e4 c5 2. Nf3 d6 3. c3 Nf6 4. Qc2 Nc6 5. d4 d5 6. e5 Ne4 7. Bd3 cxd4 8. Bxe4 dxe4 9. Qxe4 Be6 10. 0-0 Qd5 11. Qxd5 Bxd5 12. Nxd4 Nxe5 13. Nb5 Kd7 14. Rd1 e6 15. Bf4 Ng6 16. Be3 a6 17. c4 axb5 18. cxd5 Bb4 19. Nc3 Bxc3 20. bxc3 e5 21. Rdb1 Rhc8 22. Rxb5 Rxc3 23. Rxb7+ Rc7 24. Rb5 Ne7 25. a4 Nf5 26. a5 Nd6 27. Rbb1 Ra6 28. Rb6 Rca7 29. Rxa6 Rxa6 30. Bc5 Ne4 31. Bb4 Nf6 32. Rd1 Ra8 33. Bc3 Kd6 34. Bb4+ Kd7 35. Bc3 Kd6 36. Re1 Nd7 37. Rd1 1/2-1/2

[Event "FRA-ch Accession"]
[Site "Nimes"]
[Date "2014.08.18"]
[Round "2"]
[White "Wirig, Anthony"]
[Black "Chandesris, Ludovic"]
[Result "1-0"]
[WhiteElo "2506"]
[BlackElo "2212"]
[PlyCount "81"]
[EventDate "2014.08.17"]
[EventType "swiss"]
[EventRounds "11"]
[EventCountry "FRA"]
[SourceTitle "CBM 162 Extra"]
[Source "ChessBase"]
[SourceDate "2014.10.17"]
[SourceVersion "1"]
[SourceVersionDate "2014.10.17"]
[SourceQuality "1"]

1. d4 Nf6 2. Nc3 d5 3. Bf4 c6 4. e3 Nbd7 5. Nf3 e6 6. Bd3 Be7 7. Ne5 Nxe5 8. Bxe5 Bd6 9. Bxd6 Qxd6 10. f4 b6 11. g4 Bb7 12. g5 Nd7 13. Qf3 a5 14. 0-0-0 Ba6 15. Bxa6 Rxa6 16. e4 Ra8 17. f5 Kd8 18. h4 Kc7 19. Kb1 g6 20. h5 gxf5 21. exd5 exd5 22. Qxf5 Rag8 23. Rde1 f6 24. gxf6 Qxf6 25. Qd3 Re8 26. Ref1 Qe6 27. a3 Re7 28. Qa6 Rg8 29. Rf2 Rb8 30. Rhf1 Rb7 31. Qd3 Rb8 32. Qg3+ Qd6 33. Qh4 Rbe8 34. Rf5 Re6 35. Rxd5 Qe7 36. Qf4+ Kb7 37. Rf5 Re1+ 38. Rxe1 Qxe1+ 39. Ka2 Re7 40. d5 Ka6 41. Qc4+ 1-0

[Event "FRA-ch Accession"]
[Site "Nimes"]
[Date "2014.08.17"]
[Round "1"]
[White "Chandesris, Ludovic"]
[Black "Lazarev, Vladimir"]
[Result "1/2-1/2"]
[WhiteElo "2212"]
[BlackElo "2400"]
[PlyCount "80"]
[EventDate "2014.08.17"]
[EventType "swiss"]
[EventRounds "11"]
[EventCountry "FRA"]
[SourceTitle "CBM 162 Extra"]
[Source "ChessBase"]
[SourceDate "2014.10.17"]
[SourceVersion "1"]
[SourceVersionDate "2014.10.17"]
[SourceQuality "1"]

1. e4 c5 2. Nf3 Nc6 3. Bb5 g6 4. 0-0 Bg7 5. Nc3 Nf6 6. Re1 0-0 7. e5 Ne8 8. Bxc6 dxc6 9. Ne4 b6 10. h3 Nc7 11. b3 Ne6 12. Bb2 Nd4 13. Nxd4 cxd4 14. f4 c5 15. c3 dxc3 16. dxc3 Bb7 17. Qe2 Qc7 18. Rad1 Rad8 19. Ng5 h6 20. Nf3 Rxd1 21. Rxd1 Rd8 22. c4 e6 23. Rd3 Bf8 24. Nd2 Rxd3 25. Qxd3 Qc6 26. Nf3 Be7 27. Bc1 a6 28. Qe2 h5 29. Bb2 b5 30. Nd2 Bh4 31. Kh2 Be7 32. Kg1 Bh4 33. Kh2 Be7 34. Kg1 Bh4 35. Kh2 Be7 36. Kg1 Bh4 37. Kh2 Be7 38. Kg1 Bh4 39. Kh2 Be7 40. Kg1 Bh4 1/2-1/2

[Event "Syre Memorial op 34th"]
[Site "Issy les Moulineaux"]
[Date "2011.06.04"]
[Round "4"]
[White "Chandesris, Ludovic"]
[Black "Roser, Kevin"]
[Result "0-1"]
[WhiteElo "2118"]
[BlackElo "2436"]
[PlyCount "62"]
[EventDate "2011.06.03"]
[EventType "swiss"]
[EventRounds "6"]
[EventCountry "FRA"]
[SourceTitle "EXT 2012"]
[Source "ChessBase"]
[SourceDate "2011.11.24"]
[SourceVersion "1"]
[SourceVersionDate "2011.11.24"]
[SourceQuality "1"]

1. e4 c5 2. Nf3 e6 3. c3 Nf6 4. e5 Nd5 5. d4 cxd4 6. cxd4 d6 7. Nc3 Nxc3 8. bxc3 Nd7 9. exd6 Bxd6 10. Bd3 0-0 11. 0-0 Qc7 12. Qc2 h6 13. c4 b6 14. Be4 Bb7 15. Bxb7 Qxb7 16. Re1 Rfc8 17. Qb3 Rc7 18. Be3 Rac8 19. Rec1 Qa6 20. Nd2 e5 21. Rc3 exd4 22. Bxd4 Be5 23. Bxe5 Nxe5 24. Rac1 Nc6 25. Kf1 Nd4 26. Qa3 Qb7 27. Qb4 Re7 28. Nf3 Nxf3 29. Rxf3 Rce8 30. Rd3 Qc7 31. h3 Qh2 0-1

[Event "Syre Memorial op 34th"]
[Site "Issy les Moulineaux"]
[Date "2011.06.03"]
[Round "2"]
[White "Chandesris, Ludovic"]
[Black "Rusev, Rosen Yordanov"]
[Result "1/2-1/2"]
[WhiteElo "2118"]
[BlackElo "2288"]
[PlyCount "109"]
[EventDate "2011.06.03"]
[EventType "swiss"]
[EventRounds "6"]
[EventCountry "FRA"]
[SourceTitle "EXT 2012"]
[Source "ChessBase"]
[SourceDate "2011.11.24"]
[SourceVersion "1"]
[SourceVersionDate "2011.11.24"]
[SourceQuality "1"]

1. e4 c5 2. Nf3 Nc6 3. Bb5 g6 4. 0-0 Bg7 5. c3 Nf6 6. Re1 0-0 7. d4 cxd4 8. cxd4 d5 9. e5 Ne4 10. Nc3 Bf5 11. Bd3 Nxc3 12. bxc3 Bxd3 13. Qxd3 Na5 14. e6 f6 15. h4 Qd6 16. h5 Qa6 17. Qxa6 bxa6 18. Ba3 Rfe8 19. Nh4 Bh6 20. Reb1 Kg7 21. g3 Rac8 22. Bb4 Nc4 23. f4 Rc6 24. Re1 Nd2 25. Rad1 Ne4 26. Rxe4 dxe4 27. d5 Rc7 28. Rd4 f5 29. c4 Rec8 30. Kf2 a5 31. Ba3 Kg8 32. c5 Bg7 33. Rd2 Rxc5 34. Bxc5 Rxc5 35. hxg6 hxg6 36. Nxg6 Bf6 37. Ne5 Rc3 38. Ke2 Rxg3 39. Rd1 Rg2+ 40. Ke3 Bh4 41. Rd2 Rg1 42. Kd4 Be1 43. Rc2 Bb4 44. Nc4 Kg7 45. a3 Rd1+ 46. Ke5 Bc5 47. Kxf5 e3 48. Rg2+ Kh7 49. Ke5 Rc1 50. Nxa5 Bxa3 51. Nc6 Rc4 52. Kf5 Bd6 53. Ne5 Rd4 54. Re2 Rxd5 55. Rxe3 1/2-1/2

[Event "FRA-ch U20"]
[Site "Montlucon"]
[Date "2011.04.23"]
[Round "8"]
[White "Massoni, Michael"]
[Black "Chandesris, Ludovic"]
[Result "1/2-1/2"]
[WhiteElo "2338"]
[BlackElo "2121"]
[PlyCount "116"]
[EventDate "2011.04.17"]
[EventType "swiss"]
[EventRounds "9"]
[EventCountry "FRA"]
[SourceTitle "CBM 142 Extra"]
[Source "ChessBase"]
[SourceDate "2011.06.27"]
[SourceVersion "1"]
[SourceVersionDate "2011.06.27"]
[SourceQuality "1"]

1. e4 c5 2. Nf3 d6 3. d4 cxd4 4. Nxd4 Nf6 5. Nc3 g6 6. Be2 Bg7 7. 0-0 0-0 8. Be3 Nc6 9. Nb3 Be6 10. f4 Rc8 11. Kh1 a6 12. f5 Bd7 13. Bd3 Ne5 14. Qe2 b5 15. a3 Bc6 16. Bd4 Nfd7 17. Rad1 Nb6 18. Qf2 Nbc4 19. Bxc4 bxc4 20. Nd2 Bb7 21. Nf3 Nxf3 22. Bxg7 Kxg7 23. Qxf3 Rc5 24. Qf4 Re5 25. Rf3 f6 26. Qe3 Qa8 27. Rd4 d5 28. Nxd5 Bxd5 29. Rxd5 Qxd5 30. exd5 Rxe3 31. Rxe3 Kf7 32. fxg6+ hxg6 33. Re4 Rb8 34. Rxc4 Rxb2 35. g4 Rb5 36. Rd4 Ra5 37. a4 Rc5 38. d6 exd6 39. Rxd6 a5 40. Ra6 Rxc2 41. Rxa5 Ra2 42. h4 Kg7 43. Ra7+ Kh8 44. a5 Ra4 45. a6 Ra2 46. Ra8+ Kg7 47. a7 Kh7 48. h5 gxh5 49. gxh5 f5 50. Kg1 Kg7 51. h6+ Kh7 52. Kf1 Ra4 53. Kf2 Ra3 54. Ke2 Ra6 55. Kf3 Ra1 56. Kf4 Ra5 57. Kg5 f4+ 58. Kxf4 Ra1 1/2-1/2

[Event "FRA-ch U20"]
[Site "Montlucon"]
[Date "2011.04.21"]
[Round "6"]
[White "Chandesris, Ludovic"]
[Black "Demuth, Adrien"]
[Result "0-1"]
[WhiteElo "2121"]
[BlackElo "2375"]
[PlyCount "36"]
[EventDate "2011.04.17"]
[EventType "swiss"]
[EventRounds "9"]
[EventCountry "FRA"]
[SourceTitle "CBM 142 Extra"]
[Source "ChessBase"]
[SourceDate "2011.06.27"]
[SourceVersion "1"]
[SourceVersionDate "2011.06.27"]
[SourceQuality "1"]

1. e4 e5 2. Nf3 Nc6 3. d4 exd4 4. Nxd4 Nf6 5. Nxc6 bxc6 6. e5 Qe7 7. Qe2 Nd5 8. c4 Ba6 9. b3 g6 10. Qe4 f5 11. Qd4 Nb4 12. Qc3 Bg7 13. f4 c5 14. Bb2 d6 15. Nd2 dxe5 16. fxe5 0-0-0 17. Be2 Rd3 18. Qc1 Bh6 0-1

[Event "Syre Memorial op 33th"]
[Site "Issy les Moulineaux"]
[Date "2010.05.14"]
[Round "1"]
[White "Chandesris, Ludovic"]
[Black "Flom, Gabriel"]
[Result "0-1"]
[WhiteElo "2100"]
[BlackElo "2419"]
[PlyCount "48"]
[EventDate "2010.05.13"]
[EventType "swiss"]
[EventRounds "6"]
[EventCountry "FRA"]
[SourceTitle "EXT 2011"]
[Source "ChessBase"]
[SourceDate "2010.11.26"]
[SourceVersion "1"]
[SourceVersionDate "2010.11.26"]
[SourceQuality "1"]

1. e4 c6 2. d4 d5 3. e5 c5 4. dxc5 e6 5. Be3 Nh6 6. c3 Nf5 7. Bd4 Nd7 8. Bb5 Qc7 9. b4 a5 10. Nf3 axb4 11. cxb4 b6 12. c6 Bxb4+ 13. Nbd2 Nc5 14. 0-0 Nxd4 15. Nxd4 Bc3 16. N2f3 Bxa1 17. Qxa1 0-0 18. a4 Ra5 19. Qb1 Nxa4 20. Ng5 g6 21. Re1 Nc3 22. Qd3 Nxb5 23. Nxb5 Qe7 24. f4 h6 0-1